000 00650nam a2200193Ia 4500
008 151121s9999||||xx |||||||||||||| ||und||
082 _a920/जोशी
082 _bHNW-56013
100 _aतळवलकर गोपीनाथ
245 _aमाझा सांगाती
260 _b"कॉन्टिनेंन्टल प्रकाशन,पुणे।"
260 _c--
300 _a96
600 _aतळवलकर गोपीनाथ
630 _aमाझा सांगाती
700 _aतळवलकर गोपीनाथ
730 _aमाझा सांगाती
942 _cBOOK
999 _c1238688
_d1238685